| 000 | 01046nam a2200217Ia 4500 | ||
|---|---|---|---|
| 008 | 0000002004 sp a 0000000000spa00 | ||
| 020 | _a8493208086 | ||
| 090 | _aPUS00 C15e | ||
| 100 | 1 |
_aCalvo Serraller, Francisco _d1948 |
|
| 245 | 1 | 3 |
_aEl Expresionismo Abstracto Americano en las colecciones españolas _c/ Museo de Arte Contemporáneo Esteban Vicente ; comisario y textos Francisco Calvo Serraller ; traduccion al inglés Selma Margaretten |
| 300 |
_a221 p. _c/ 27 cm. |
||
| 500 | _aExposición realizada en el Museo de Arte Contemporpaneo Esteban Vicente, Sgovia, Octubre 7, 2003 Enero 11, 2004 \ Con el patronazgo del maestro venezolano Jesús Rafael Soto (q.e.p.d.) | ||
| 650 | 1 | 4 | _a EXPRESIONISMO ABSTRACTO ESTADOUNIDENSE |
| 650 | 1 | 4 | _aARTE MODERNO ESTADOUNIDENSE |
| 650 | 1 | 4 | _xEXPOSICIONES ESPAÑA |
| 650 | 1 | 4 | _aPINTURA MODERNA |
| 650 | 1 | 4 | _aPINTURA MODERNA ESTADOUNIDENSE |
| 650 | 1 | 4 | _aSIGLO XX |
| 700 | 1 | _aMargaretten, Selma, tr | |
| 999 |
_c156 _d156 |
||
| 260 |
_aSegovia : Museo De Arte Contemporáneo Esteban Vicente _c2004 |
||